[Event "Fagernes op"]
[Site "Fagernes"]
[Date "2025.04.15"]
[Round "3"]
[White "Holand, Per Fredrik"]
[Black "Grave, Jacob Templen"]
[Result "0-1"]
[WhiteElo "2070"]
[BlackElo "2337"]
[PlyCount "80"]
[EventDate "2025.04.13"]
[EventType "swiss"]
[EventRounds "9"]
[EventCountry "NOR"]
[SourceTitle "CB17_2025"]
[SourceDate "2025.04.23"]
[SourceVersion "1"]
[SourceVersionDate "2025.04.23"]
[SourceQuality "1"]

1. c4 e6 2. Nf3 d5 3. g3 Nf6 4. Bg2 Be7 5. 0-0 0-0 6. d4 c6 7. Nbd2 b6 8. Qc2 Bb7 9. e4 Na6 10. e5 Nd7 11. cxd5 Nb4 12. Qe4 cxd5 13. Qg4 Ba6 14. Nb3 Kh8 15. Rd1 Be2 16. Rd2 Bc4 17. Rd1 Nxa2 18. Nfd2 Nxc1 19. Nxc1 Bb5 20. f4 g6 21. Qf3 a5 22. Nf1 Nb8 23. Ne3 Nc6 24. h4 f6 25. Qg4 f5 26. Qf3 h5 27. Ne2 Nb4 28. Kh2 Qd7 29. Ng1 Kg7 30. Nh3 Rfc8 31. Rac1 Rxc1 32. Rxc1 Rc8 33. Rxc8 Qxc8 34. Bf1 Qa6 35. Bxb5 Qxb5 36. Nf2 Nc6 37. g4 Nxd4 38. Qg2 hxg4 39. Nfxg4 fxg4 40. f5 exf5 0-1

[Event "Fagernes op"]
[Site "Fagernes"]
[Date "2025.04.13"]
[Round "1"]
[White "Grave, Jacob Templen"]
[Black "Lilliehook, Victor"]
[Result "1-0"]
[WhiteElo "2337"]
[BlackElo "1993"]
[PlyCount "43"]
[EventDate "2025.04.13"]
[EventType "swiss"]
[EventRounds "9"]
[EventCountry "NOR"]
[SourceTitle "CB17_2025"]
[SourceDate "2025.04.23"]
[SourceVersion "1"]
[SourceVersionDate "2025.04.23"]
[SourceQuality "1"]

1. d4 d5 2. c4 e6 3. g3 Nf6 4. Bg2 dxc4 5. Nf3 Bb4+ 6. Bd2 a5 7. a3 Bxd2+ 8. Nbxd2 b5 9. b3 cxb3 10. Qxb3 c6 11. 0-0 0-0 12. Rfc1 Ba6 13. e3 Nd5 14. Ne5 Qb6 15. Ne4 b4 16. Nc5 Rd8 17. axb4 axb4 18. Ra4 Bb7 19. Bxd5 Rxd5 20. Rxb4 Rxc5 21. Rxb6 Rxc1+ 22. Kg2 1-0

[Event "Titled Tuesday intern op 18th Mar Late"]
[Site "Chess.com INT"]
[Date "2025.03.18"]
[Round "2"]
[White "Grave, Jacob Templen"]
[Black "Miserendino, Alfredo"]
[Result "0-1"]
[WhiteElo "2327"]
[BlackElo "2032"]
[PlyCount "68"]
[EventDate "2025.03.18"]
[EventType "swiss (blitz)"]
[EventRounds "11"]
[EventCountry "USA"]
[SourceTitle "CB13_2025"]
[SourceDate "2025.03.26"]
[SourceVersion "1"]
[SourceVersionDate "2025.03.26"]
[SourceQuality "1"]

1. e4 c5 2. Nf3 e6 3. g3 g6 4. Bg2 Bg7 5. 0-0 Ne7 6. d4 cxd4 7. Nxd4 0-0 8. Nc3 d5 9. exd5 Nxd5 10. Nxd5 exd5 11. Be3 Nc6 12. c3 Re8 13. Re1 Be6 14. Qb3 Qd7 15. Rad1 Rad8 16. Nxe6 fxe6 17. Bg5 Rc8 18. Re2 h6 19. Bc1 Kh7 20. Rde1 d4 21. Rxe6 dxc3 22. bxc3 Ne5 23. Rxe8 Rxe8 24. Rd1 Qg4 25. h3 Qe2 26. Be3 Nf3+ 27. Bxf3 Qxf3 28. Qd5 Qe2 29. Qd7 Rxe3 30. fxe3 Qxe3+ 31. Kf1 Qf3+ 32. Kg1 Qxg3+ 33. Kh1 Qf3+ 34. Kg1 Qg3+ 0-1

[Event "NOR-chT Elite 2425"]
[Site "Norway"]
[Date "2025.03.08"]
[Round "8.43"]
[White "Risting, Eivind Olav"]
[Black "Grave, Jacob Templen"]
[Result "0-1"]
[WhiteElo "2311"]
[BlackElo "2327"]
[PlyCount "54"]
[EventDate "2024.10.25"]
[EventType "team-tourn"]
[EventRounds "9"]
[EventCountry "NOR"]
[SourceTitle "CB16_2025"]
[SourceDate "2025.04.16"]
[SourceVersion "1"]
[SourceVersionDate "2025.04.16"]
[SourceQuality "1"]
[WhiteTeam "Oslo SK 1911"]
[BlackTeam "OSS"]
[WhiteTeamCountry "NOR"]
[BlackTeamCountry "NOR"]

1. c4 c5 2. g3 g6 3. Bg2 Bg7 4. Nc3 Nc6 5. Nf3 e5 6. 0-0 d6 7. d3 Nge7 8. a3 0-0 9. Rb1 a5 10. Ne1 Be6 11. Nd5 Rb8 12. Bg5 f6 13. Bd2 b5 14. Nc2 Kh8 15. b3 Bg8 16. Nce3 b4 17. axb4 axb4 18. Bc1 f5 19. Bb2 f4 20. Nxe7 Nxe7 21. Nd5 Nxd5 22. cxd5 Qd7 23. Qc2 f3 24. Bxf3 Rxf3 25. exf3 Bxd5 26. Qe2 Qh3 27. Bc1 Rf8 0-1

[Event "Titled Tuesday intern op 24th Sep Late"]
[Site "Chess.com INT"]
[Date "2024.09.24"]
[Round "3"]
[White "Grave, Jacob Templen"]
[Black "Lewtak, Damian"]
[Result "0-1"]
[WhiteElo "2333"]
[BlackElo "2356"]
[PlyCount "114"]
[EventDate "2024.09.24"]
[EventType "swiss (blitz)"]
[EventRounds "11"]
[EventCountry "USA"]
[SourceTitle "EXT 2025"]
[Source "ChessBase"]
[SourceDate "2024.10.14"]
[SourceVersion "1"]
[SourceVersionDate "2024.10.14"]
[SourceQuality "1"]

1. e4 c5 2. Nf3 d6 3. c3 Nf6 4. h3 g6 5. Bd3 Bg7 6. 0-0 0-0 7. Bc2 Nc6 8. Re1 e5 9. d4 cxd4 10. cxd4 h6 11. dxe5 dxe5 12. Be3 Qxd1 13. Rxd1 Nb4 14. Bb3 Nxe4 15. Nbd2 Nxd2 16. Rxd2 Nc6 17. Rad1 Re8 18. Bc5 Be6 19. Bxe6 Rxe6 20. b3 b6 21. Be3 e4 22. Nd4 Nxd4 23. Bxd4 Rd8 24. Bxg7 Rxd2 25. Rxd2 Kxg7 26. Rd7 a5 27. Rb7 Rf6 28. a4 Rd6 29. Kf1 Kf6 30. Ke2 Ke6 31. Ke3 f5 32. h4 Rd3+ 33. Ke2 Rxb3 34. Rh7 h5 35. Rg7 Kf6 36. Rc7 Rb4 37. g3 Rxa4 38. Rc6+ Kg7 39. Rxb6 Kh6 40. Rb7 Ra1 41. Ra7 a4 42. Ke3 a3 43. Kd2 a2 44. Ke2 g5 45. Ra6+ Kg7 46. hxg5 h4 47. gxh4 f4 48. h5 f3+ 49. Kd2 e3+ 50. Kxe3 Re1+ 51. Kxf3 a1Q 52. h6+ Kh7 53. Rxa1 Rxa1 54. Kg4 Kg6 55. f4 Ra4 56. Kf3 Kf5 57. Kg3 Ra1 0-1

[Event "Titled Tuesday intern op 24th Sep Late"]
[Site "Chess.com INT"]
[Date "2024.09.24"]
[Round "8"]
[White "Ozates, Tuna"]
[Black "Grave, Jacob Templen"]
[Result "1-0"]
[WhiteElo "2225"]
[BlackElo "2333"]
[PlyCount "57"]
[EventDate "2024.09.24"]
[EventType "swiss (blitz)"]
[EventRounds "11"]
[EventCountry "USA"]
[SourceTitle "EXT 2025"]
[Source "ChessBase"]
[SourceDate "2024.10.14"]
[SourceVersion "1"]
[SourceVersionDate "2024.10.14"]
[SourceQuality "1"]

1. Nf3 Nf6 2. d4 e6 3. e3 c5 4. Bd3 b6 5. 0-0 Bb7 6. b3 Nc6 7. a3 Be7 8. Bb2 0-0 9. Nbd2 cxd4 10. exd4 d6 11. Qe2 Rc8 12. c4 Re8 13. Rfe1 Bf8 14. Ne4 d5 15. Nxf6+ Qxf6 16. Ne5 Nxe5 17. dxe5 Qg5 18. h4 Qxh4 19. Rac1 a5 20. Bb1 Bc5 21. Rc3 g6 22. Rh3 Qg5 23. Bc1 Qe7 24. Qg4 dxc4 25. Bg5 Qd7 26. Rxh7 Qd4 27. Qxd4 Bxd4 28. Rh4 Bc3 29. Bf6 1-0

[Event "Titled Tuesday intern op 17th Sep Late"]
[Site "Chess,com INT"]
[Date "2024.09.17"]
[Round "2"]
[White "Da Silva, Giovanni B Tavares"]
[Black "Grave, Jacob Templen"]
[Result "0-1"]
[WhiteElo "2095"]
[BlackElo "2333"]
[PlyCount "76"]
[EventDate "2024.09.17"]
[EventType "swiss (blitz)"]
[EventRounds "11"]
[EventCountry "USA"]
[SourceTitle "EXT 2025"]
[Source "ChessBase"]
[SourceDate "2024.10.14"]
[SourceVersion "1"]
[SourceVersionDate "2024.10.14"]
[SourceQuality "1"]

1. e4 c6 2. d4 d5 3. Nd2 dxe4 4. Nxe4 Bf5 5. Ng3 Bg6 6. h4 h6 7. Nf3 Nd7 8. h5 Bh7 9. Bd3 Bxd3 10. Qxd3 e6 11. Bf4 Qa5+ 12. Bd2 Bb4 13. c3 Be7 14. Ne4 Ngf6 15. c4 Qc7 16. Nxf6+ Nxf6 17. Ne5 Rd8 18. Qe3 0-0 19. 0-0-0 c5 20. Bc3 cxd4 21. Bxd4 b6 22. Kb1 Qb7 23. g4 Qe4+ 24. Qxe4 Nxe4 25. f3 Ng3 26. Rhe1 Bb4 27. Re3 Bc5 28. Nc6 Rd6 29. Bxc5 Rxd1+ 30. Kc2 bxc5 31. Kxd1 f5 32. Rxe6 fxg4 33. fxg4 Rf4 34. Ne5 Re4 35. Kd2 Nh1 36. Re7 Nf2 37. a3 Nxg4 38. Re8+ Kh7 0-1

[Event "Titled Tuesday intern op 17th Sep Late"]
[Site "Chess,com INT"]
[Date "2024.09.17"]
[Round "3"]
[White "Wu, Derek"]
[Black "Grave, Jacob Templen"]
[Result "1-0"]
[WhiteElo "2232"]
[BlackElo "2333"]
[PlyCount "103"]
[EventDate "2024.09.17"]
[EventType "swiss (blitz)"]
[EventRounds "11"]
[EventCountry "USA"]
[SourceTitle "EXT 2025"]
[Source "ChessBase"]
[SourceDate "2024.10.14"]
[SourceVersion "1"]
[SourceVersionDate "2024.10.14"]
[SourceQuality "1"]

1. e4 c6 2. d4 d5 3. Nc3 dxe4 4. Nxe4 Bf5 5. Ng3 Bg6 6. h4 h6 7. Nh3 Nf6 8. Nf4 Bh7 9. Bc4 e6 10. 0-0 Bd6 11. Ngh5 0-0 12. Re1 Nxh5 13. Qxh5 Bxf4 14. Bxf4 Bxc2 15. Be5 Nd7 16. Bd6 Re8 17. Bf4 Nf6 18. Qe2 Bf5 19. Be5 Nd5 20. Rad1 Qxh4 21. Bg3 Qg4 22. Qd2 h5 23. Bh2 h4 24. f3 Qg6 25. Kh1 Rad8 26. Qf2 Qh5 27. Re5 f6 28. Re2 g5 29. Rde1 Qg6 30. a4 Bd3 31. Bxd3 Qxd3 32. Rxe6 Rxe6 33. Rxe6 Kf7 34. Re4 Qb1+ 35. Re1 Qf5 36. Qe2 Qd7 37. Qd3 Kg7 38. Re4 Re8 39. a5 Rxe4 40. fxe4 Ne7 41. e5 f5 42. Qe3 Qe6 43. Qxg5+ Kf7 44. Qxh4 Ng6 45. Qh7+ Kf8 46. Bg3 f4 47. Be1 Qg4 48. Bb4+ Ke8 49. Qg8+ Kd7 50. Qf7+ Kc8 51. Qe8+ Kc7 52. Bd6# 1-0

[Event "Titled Tuesday intern op 20th Aug Early"]
[Site "Chess.com INT"]
[Date "2024.08.20"]
[Round "3"]
[White "Grave, Jacob Templen"]
[Black "Goltsev, Dmitry"]
[Result "0-1"]
[WhiteElo "2287"]
[BlackElo "2215"]
[PlyCount "52"]
[EventDate "2024.08.20"]
[EventType "swiss (blitz)"]
[EventRounds "11"]
[EventCountry "USA"]
[SourceTitle "EXT 2025"]
[Source "ChessBase"]
[SourceDate "2024.10.14"]
[SourceVersion "1"]
[SourceVersionDate "2024.10.14"]
[SourceQuality "1"]

1. e4 e6 2. d4 d5 3. e5 c5 4. c3 Nc6 5. Nf3 Nge7 6. Na3 Nf5 7. Nc2 Qa5 8. Bd2 cxd4 9. cxd4 Qb6 10. Bc3 h5 11. Bd3 Be7 12. 0-0 g5 13. Ne3 g4 14. Bxf5 gxf3 15. Qxf3 Nxd4 16. Bxd4 Qxd4 17. Rad1 Qxe5 18. Rfe1 Qf6 19. Qg3 Bd7 20. Qc7 Bc6 21. Bh3 0-0 22. Rd3 Kh8 23. Nf1 Rg8 24. Rf3 Qxf3 25. Qxe7 Rg7 26. Ng3 Qd3 0-1

[Event "NOR-ch"]
[Site "Storefjell"]
[Date "2024.07.06"]
[Round "9"]
[White "Bae, Torstein"]
[Black "Grave, Jacob Templen"]
[Result "1/2-1/2"]
[WhiteElo "2403"]
[BlackElo "2284"]
[PlyCount "21"]
[EventDate "2024.06.28"]
[EventType "swiss"]
[EventRounds "9"]
[EventCountry "NOR"]
[SourceTitle "CBM 221 Extra"]
[Source "ChessBase"]
[SourceDate "2024.09.30"]
[SourceVersion "1"]
[SourceVersionDate "2024.09.30"]
[SourceQuality "1"]

1. e4 c6 2. d4 d5 3. exd5 cxd5 4. Bd3 Nc6 5. c3 Qc7 6. Ne2 Bg4 7. 0-0 e6 8. Qe1 Nf6 9. f3 Bh5 10. Qh4 Rg8 11. Qg3 1/2-1/2

[Event "NOR-ch"]
[Site "Storefjell"]
[Date "2024.07.04"]
[Round "7"]
[White "Grave, Jacob Templen"]
[Black "Hansen, Torbjorn Ringdal"]
[Result "1-0"]
[WhiteElo "2284"]
[BlackElo "2433"]
[PlyCount "79"]
[EventDate "2024.06.28"]
[EventType "swiss"]
[EventRounds "9"]
[EventCountry "NOR"]
[SourceTitle "CBM 221 Extra"]
[Source "ChessBase"]
[SourceDate "2024.09.30"]
[SourceVersion "1"]
[SourceVersionDate "2024.09.30"]
[SourceQuality "1"]

1. d4 Nf6 2. c4 e6 3. g3 Nc6 4. Nf3 d5 5. Bg2 Bd6 6. Nc3 dxc4 7. Qa4 0-0 8. Qxc4 e5 9. 0-0 exd4 10. Nxd4 Nxd4 11. Qxd4 Qe7 12. Bg5 c6 13. Rad1 Be5 14. Qe3 h6 15. Bf4 Ng4 16. Qe4 f5 17. Qf3 g5 18. Bxe5 Nxe5 19. Qe3 f4 20. Qd4 Bg4 21. Qd6 Qg7 22. Rd4 Rae8 23. Re4 Bf5 24. Rd4 Re6 25. Qb4 a5 26. Qa4 b5 27. Qd1 Kh8 28. Ne4 Nf7 29. Qd2 Rfe8 30. Nd6 Nxd6 31. Rxd6 Rxe2 32. Qxa5 R2e6 33. Bxc6 Rxd6 34. Bxe8 Qxb2 35. Qxb5 Qf6 36. Bh5 Qe6 37. Rc1 Rd7 38. a4 g4 39. Qb8+ Kh7 40. Qxf4 1-0

[Event "Titled Tuesday intern op 04th Jun Late"]
[Site "Chess.com INT"]
[Date "2024.06.04"]
[Round "2"]
[White "Grigorjev, Iljya"]
[Black "Grave, Jacob Templen"]
[Result "1-0"]
[WhiteElo "2433"]
[BlackElo "2284"]
[PlyCount "49"]
[EventDate "2024.06.04"]
[EventType "swiss (blitz)"]
[EventRounds "11"]
[EventCountry "USA"]
[SourceTitle "EXT 2025"]
[Source "ChessBase"]
[SourceDate "2024.10.14"]
[SourceVersion "1"]
[SourceVersionDate "2024.10.14"]
[SourceQuality "1"]

1. e4 c6 2. d4 d5 3. e5 Bf5 4. Nf3 e6 5. Be2 c5 6. Be3 Qb6 7. c4 dxc4 8. Nbd2 Nc6 9. Nxc4 Qc7 10. dxc5 Rd8 11. Nd6+ Bxd6 12. exd6 Qa5+ 13. Qd2 Nb4 14. 0-0 b6 15. a3 Nc6 16. b4 Qa4 17. Nd4 Nxd4 18. Bxd4 f6 19. cxb6 Rxd6 20. b7 Rd8 21. Qf4 e5 22. Qxf5 Ne7 23. Qe6 exd4 24. Rfe1 Qd7 25. Bb5 1-0

[Event "Titled Tuesday intern op 04th Jun Late"]
[Site "Chess.com INT"]
[Date "2024.06.04"]
[Round "1"]
[White "Guzman Lozano, Campo Elias"]
[Black "Grave, Jacob Templen"]
[Result "0-1"]
[WhiteElo "1868"]
[BlackElo "2284"]
[PlyCount "70"]
[EventDate "2024.06.04"]
[EventType "swiss (blitz)"]
[EventRounds "11"]
[EventCountry "USA"]
[SourceTitle "EXT 2025"]
[Source "ChessBase"]
[SourceDate "2024.10.14"]
[SourceVersion "1"]
[SourceVersionDate "2024.10.14"]
[SourceQuality "1"]

1. e4 c6 2. d4 d5 3. exd5 cxd5 4. c4 Nf6 5. Nc3 Nc6 6. Bg5 e6 7. cxd5 exd5 8. Bb5 Be7 9. Nf3 0-0 10. 0-0 Ne4 11. Bxe7 Nxe7 12. Ne5 Bf5 13. Re1 Rc8 14. Rc1 Nxc3 15. bxc3 Qa5 16. Qa4 Qxa4 17. Bxa4 Rc7 18. c4 Rfc8 19. c5 b6 20. c6 a6 21. Bb3 Be6 22. Nd7 Rxc6 23. Rxc6 Rxc6 24. Nb8 Rc8 25. Nxa6 Nc6 26. Rc1 Nxd4 27. Rxc8+ Bxc8 28. Nc7 Nxb3 29. Nxd5 Be6 30. Nxb6 Na5 31. a4 Kf8 32. f3 Ke7 33. Kf2 Kd6 34. Ke3 Kc6 35. Na8 Kb7 0-1

[Event "Titled Tuesday intern op 28th May Late"]
[Site "Chess.com INT"]
[Date "2024.05.28"]
[Round "4"]
[White "Grave, Jacob Templen"]
[Black "Dudin, Gleb"]
[Result "0-1"]
[WhiteElo "2286"]
[BlackElo "2554"]
[PlyCount "72"]
[EventDate "2024.05.28"]
[EventType "swiss (blitz)"]
[EventRounds "11"]
[EventCountry "USA"]
[SourceTitle "EXT 2025"]
[Source "ChessBase"]
[SourceDate "2024.10.14"]
[SourceVersion "1"]
[SourceVersionDate "2024.10.14"]
[SourceQuality "1"]

1. d4 Nf6 2. Bg5 Ne4 3. Bh4 d5 4. f3 Nd6 5. Nd2 g6 6. e4 Bh6 7. Bd3 0-0 8. Ne2 dxe4 9. fxe4 Qe8 10. e5 Nf5 11. Bxf5 Bxf5 12. 0-0 Nc6 13. Bf2 Nb4 14. Ng3 Bxc2 15. Qf3 Qc6 16. Nde4 Rad8 17. Nc5 Qxf3 18. gxf3 b6 19. a3 Nd5 20. Nce4 f5 21. exf6 exf6 22. Rfe1 Nf4 23. Be3 f5 24. Nc3 Nh3+ 25. Kg2 f4 26. Kxh3 fxe3 27. d5 Rxf3 28. Re2 Bd3 29. Ree1 Bg7 30. Kg2 Rf2+ 31. Kg1 Bd4 32. Nf1 e2 33. Ng3 Rdf8 34. Kh1 Bxc3 35. bxc3 h5 36. h4 R8f3 0-1

[Event "Titled Tuesday intern op 21st May Late"]
[Site "Chess.com INT"]
[Date "2024.05.21"]
[Round "5"]
[White "Grave, Jacob Templen"]
[Black "Holt, Conrad"]
[Result "1/2-1/2"]
[WhiteElo "2286"]
[BlackElo "2540"]
[PlyCount "109"]
[EventDate "2024.05.21"]
[EventType "swiss (blitz)"]
[EventRounds "11"]
[EventCountry "USA"]
[SourceTitle "CBM 220 Extra"]
[Source "ChessBase"]
[SourceDate "2024.07.31"]
[SourceVersion "1"]
[SourceVersionDate "2024.07.31"]
[SourceQuality "1"]

1. d4 d5 2. c4 c6 3. Nf3 Nf6 4. Nc3 dxc4 5. Ne5 Nbd7 6. Nxc4 b5 7. Ne3 Bb7 8. g3 c5 9. d5 Nb6 10. Bg2 Qd7 11. a4 b4 12. a5 bxc3 13. axb6 axb6 14. Rxa8+ Bxa8 15. bxc3 g6 16. c4 Bg7 17. Bb2 0-0 18. 0-0 b5 19. Qc2 Rb8 20. Be5 Rc8 21. Ra1 bxc4 22. Qxc4 Ne8 23. Bxg7 Kxg7 24. h4 Nd6 25. Qc3+ f6 26. Kh2 Qc7 27. Nc4 Nxc4 28. Qxc4 Bb7 29. Ra7 Qb6 30. Qa4 Rc7 31. Ra5 c4 32. Rb5 Qxf2 33. Qb4 Qxe2 34. Rxb7 Rxb7 35. Qxb7 c3 36. Qc6 c2 37. Qc7 g5 38. d6 gxh4 39. dxe7 hxg3+ 40. Kh3 Kf7 41. Bd5+ Kg6 42. e8Q+ Qxe8 43. Qxc2+ Kh6 44. Qf5 Qg6 45. Qxg6+ hxg6 46. Kxg3 Kg5 47. Be4 f5 48. Bd3 Kf6 49. Kf3 g5 50. Kg3 Ke5 51. Be2 Ke4 52. Bd1 Ke3 53. Bf3 g4 54. Bxg4 fxg4 55. Kxg4 1/2-1/2

[Event "Titled Tuesday intern op 21st May Late"]
[Site "Chess.com INT"]
[Date "2024.05.21"]
[Round "8"]
[White "Rogov, Matfey"]
[Black "Grave, Jacob Templen"]
[Result "1-0"]
[WhiteElo "2191"]
[BlackElo "2286"]
[PlyCount "75"]
[EventDate "2024.05.21"]
[EventType "swiss (blitz)"]
[EventRounds "11"]
[EventCountry "USA"]
[SourceTitle "CBM 220 Extra"]
[Source "ChessBase"]
[SourceDate "2024.07.31"]
[SourceVersion "1"]
[SourceVersionDate "2024.07.31"]
[SourceQuality "1"]

1. e4 c5 2. a3 g6 3. Nf3 Bg7 4. c3 d5 5. e5 Nc6 6. d4 Bg4 7. Bb5 e6 8. Bxc6+ bxc6 9. Nbd2 cxd4 10. cxd4 Ne7 11. h3 Bxf3 12. Nxf3 0-0 13. 0-0 Qb6 14. b4 a5 15. Bd2 axb4 16. Bxb4 Rfe8 17. Rb1 Qa6 18. Qc2 Bf8 19. Rfc1 Rec8 20. g4 Rc7 21. Ne1 Nc8 22. Nd3 Nb6 23. Bd6 Rcc8 24. Nc5 Qa7 25. a4 Nc4 26. Rb7 Qa5 27. Bxf8 Rxf8 28. Nd7 Rfd8 29. Nf6+ Kg7 30. Qe2 Ra7 31. Rcb1 Rxb7 32. Rxb7 Qxa4 33. Qf3 Qa1+ 34. Kg2 Rf8 35. Ne8+ Kg8 36. Qf6 Ne3+ 37. fxe3 Qb2+ 38. Rxb2 1-0

[Event "Titled Tuesday intern op 14th May Early"]
[Site "Chess.com INT"]
[Date "2024.05.14"]
[Round "4"]
[White "Grave, Jacob Templen"]
[Black "Sowinski, Pawel"]
[Result "0-1"]
[WhiteElo "2287"]
[BlackElo "2393"]
[PlyCount "106"]
[EventDate "2024.05.14"]
[EventType "swiss (blitz)"]
[EventRounds "11"]
[EventCountry "USA"]
[SourceTitle "EXT 2025"]
[Source "ChessBase"]
[SourceDate "2024.10.14"]
[SourceVersion "1"]
[SourceVersionDate "2024.10.14"]
[SourceQuality "1"]

1. e4 c5 2. Nf3 e6 3. d4 cxd4 4. Nxd4 Nc6 5. Nc3 Qc7 6. Be3 a6 7. Qf3 Nf6 8. 0-0-0 b5 9. a3 Ne5 10. Qg3 Bb7 11. Bd3 Rc8 12. f4 Nxd3+ 13. Rxd3 Nxe4 14. Nxe4 Bxe4 15. Rc3 Qb8 16. f5 Qa8 17. fxe6 dxe6 18. Rxc8+ Qxc8 19. Rf1 Bg6 20. h4 Bc5 21. h5 Bxd4 22. hxg6 Bxe3+ 23. Qxe3 hxg6 24. Qe5 0-0 25. Rh1 f6 26. Qg3 Kf7 27. Rh4 Rd8 28. Rg4 g5 29. Qf3 Rd5 30. Re4 Qc5 31. Qh5+ Ke7 32. Kb1 Rf5 33. Re1 Qf2 34. Rd1 Rd5 35. Rxd5 exd5 36. Qg6 Qxg2 37. Qxg7+ Ke6 38. Qg8+ Ke5 39. Qb8+ Kd4 40. Qb6+ Ke5 41. Qc7+ Kf5 42. Qd7+ Kg6 43. Qe8+ Kf5 44. Qd7+ Kf4 45. Qd6+ Kg4 46. Qxf6 Qf3 47. Qe6+ Kg3 48. Qe5+ Kh4 49. Qh2+ Kg4 50. Qe5 Qe4 51. Qd6 Kf3 52. Qf6+ Qf4 53. Qc3+ Kg2 0-1

[Event "Titled Tuesday intern op 14th May Early"]
[Site "Chess.com INT"]
[Date "2024.05.14"]
[Round "3"]
[White "Grave, Jacob Templen"]
[Black "Tang, Andrew"]
[Result "1/2-1/2"]
[WhiteElo "2287"]
[BlackElo "2505"]
[PlyCount "186"]
[EventDate "2024.05.14"]
[EventType "swiss (blitz)"]
[EventRounds "11"]
[EventCountry "USA"]
[SourceTitle "EXT 2025"]
[Source "ChessBase"]
[SourceDate "2024.10.14"]
[SourceVersion "1"]
[SourceVersionDate "2024.10.14"]
[SourceQuality "1"]

1. e4 e5 2. Nf3 Nc6 3. Bc4 Nf6 4. d3 h6 5. c3 d6 6. h3 g6 7. Nbd2 Bg7 8. Bb3 0-0 9. Nc4 Re8 10. 0-0 d5 11. exd5 Nxd5 12. Re1 Bf5 13. Bc2 b5 14. Ne3 Nxe3 15. Bxe3 Qd6 16. d4 Bxc2 17. Qxc2 e4 18. Nd2 f5 19. Qb3+ Kh7 20. Qxb5 Rab8 21. Qa4 f4 22. Nc4 Qf6 23. Bxf4 Rf8 24. Rxe4 Rf7 25. Rae1 h5 26. Bg3 g5 27. Re6 Qf5 28. Qxc6 h4 29. Qe4 hxg3 30. Qxf5+ Rxf5 31. fxg3 Rc8 32. Re7 Kg8 33. Rd7 Bf6 34. Rf1 Rxf1+ 35. Kxf1 Kf8 36. Rd5 Ke7 37. Rf5 Ke6 38. Rf3 Rb8 39. b3 a6 40. Ke2 Be7 41. Kd3 Rg8 42. Re3+ Kd7 43. Ne5+ Kd6 44. g4 Bf6 45. Nf3 a5 46. Nd2 Be7 47. Nc4+ Kd7 48. Nxa5 Ra8 49. b4 Bd6 50. a4 Rf8 51. Rf3 Re8 52. Nc4 Bf4 53. Ne5+ Kc8 54. g3 Bc1 55. a5 Kb7 56. b5 Ra8 57. a6+ Kb6 58. c4 Bb2 59. Nd7+ Ka5 60. Nc5 Kb4 61. Ne4 Rd8 62. d5 Re8 63. Rf5 Bc1 64. Rf1 Ba3 65. Rb1+ Ka5 66. Ra1 Kb4 67. Rxa3 Kxa3 68. c5 Kb4 69. b6 cxb6 70. cxb6 Ka5 71. b7 Kxa6 72. Nxg5 Kxb7 73. Kd4 Kc7 74. Ne6+ Kd6 75. Nf4 Ra8 76. Ke4 Ke7 77. Kf5 Rf8+ 78. Kg5 Rg8+ 79. Kh4 Kf6 80. g5+ Kf5 81. Nh5 Rd8 82. g4+ Ke5 83. Nf6 Kf4 84. Kh5 Rh8+ 85. Kg6 Rxh3 86. d6 Rd3 87. d7 Rd4 88. Kf7 Kxg5 89. Ke7 Kg6 90. d8Q Rxd8 91. Kxd8 Kxf6 92. Kd7 Kg5 93. Kd6 Kxg4 1/2-1/2

[Event "NOR-chT Club"]
[Site "Drammen"]
[Date "2024.05.12"]
[Round "6.2"]
[White "Hauge, Lars Oskar"]
[Black "Grave, Jacob Templen"]
[Result "1/2-1/2"]
[WhiteElo "2484"]
[BlackElo "2287"]
[PlyCount "72"]
[EventDate "2024.05.09"]
[EventType "team-swiss"]
[EventRounds "6"]
[EventCountry "NOR"]
[SourceTitle "CBM 220 Extra"]
[Source "ChessBase"]
[SourceDate "2024.07.31"]
[SourceVersion "1"]
[SourceVersionDate "2024.07.31"]
[SourceQuality "1"]
[WhiteTeam "Oslo Schakselskap"]
[BlackTeam "OSS II"]
[WhiteTeamCountry "NOR"]
[BlackTeamCountry "NOR"]

1. e4 c6 2. c4 d5 3. exd5 cxd5 4. cxd5 Nf6 5. Nc3 Nxd5 6. Nf3 g6 7. Qb3 Nb6 8. Bb5+ Bd7 9. Ne5 e6 10. Ne4 Be7 11. Nxd7 N8xd7 12. d4 0-0 13. Bh6 Re8 14. 0-0 Nd5 15. Rac1 a6 16. Bc4 Qb6 17. Nc3 Qxb3 18. Bxb3 N7f6 19. Rfe1 Nb4 20. Red1 b5 21. a3 Nbd5 22. Nxd5 Nxd5 23. Rc6 a5 24. g3 Red8 25. Rd2 a4 26. Bd1 b4 27. axb4 Bxb4 28. Rdc2 a3 29. bxa3 Bxa3 30. R6c4 Be7 31. Bf3 Bf6 32. Kg2 Rab8 33. Bxd5 Rxd5 34. Rc8+ Rd8 35. Rxb8 Rxb8 36. Be3 Rd8 1/2-1/2

[Event "NOR-chT Club"]
[Site "Drammen"]
[Date "2024.05.10"]
[Round "2.2"]
[White "Ytrestoyl, Sindre Lyngsaunet"]
[Black "Grave, Jacob Templen"]
[Result "0-1"]
[WhiteElo "2063"]
[BlackElo "2287"]
[PlyCount "86"]
[EventDate "2024.05.09"]
[EventType "team-swiss"]
[EventRounds "6"]
[EventCountry "NOR"]
[SourceTitle "CBM 220 Extra"]
[Source "ChessBase"]
[SourceDate "2024.07.31"]
[SourceVersion "1"]
[SourceVersionDate "2024.07.31"]
[SourceQuality "1"]
[WhiteTeam "Kristiansund"]
[BlackTeam "OSS II"]
[WhiteTeamCountry "NOR"]
[BlackTeamCountry "NOR"]

1. e4 c6 2. Nc3 d5 3. Nf3 Bg4 4. h3 Bxf3 5. Qxf3 Nf6 6. d3 e6 7. g3 Bb4 8. Bd2 d4 9. Nb1 Qb6 10. c3 Bc5 11. Bc1 0-0 12. Bg2 a5 13. a4 Nbd7 14. 0-0 Qc7 15. Nd2 Rfd8 16. Qe2 dxc3 17. bxc3 Qxg3 18. Nf3 Qc7 19. d4 Be7 20. Kh1 b5 21. Ne1 Nb6 22. axb5 cxb5 23. Qxb5 Qxc3 24. Rb1 Nc4 25. Rb3 Qxc1 26. Nd3 Nd6 27. Rxc1 Nxb5 28. Rxb5 Rxd4 29. Ne5 Rb4 30. Rxb4 Bxb4 31. Nc6 Bf8 32. e5 Nd5 33. f4 g6 34. Ra1 a4 35. f5 gxf5 36. Nd4 Ra5 37. Bf3 Nf4 38. Nc6 Ra6 39. Rg1+ Bg7 40. Rb1 a3 41. Ne7+ Kf8 42. Nc6 Ra8 43. Nb4 Rb8 0-1